000
00224nam a22000857a 4500
008
170117b xxu||||| |||| 00| 0 eng d
100
_9
2459
_a
Kidz
245
_a
Tales of Wisdom from Panchatantra
260
_a
New Delhi
_b
Om Kidz
_c
2012
999
_c
5518
_d
5518